000
00311 a2200109 4500
001
ART_5874
005
20260410161618.0
008
260409a
245
1
0
_a
Asociación Europea De Contabilidad (EAA)
100
1
_a
García Fronti, Inés M.
773
0
_t
Enfoques
_g
- Nº 8 (ago. 2007)
_w
REV416
999
_c
11259
_d
11259